Loading...
| Fine Arts - Painting and Sculpture | 0 | 5 | 0 | 2 | 50 | 44 | 96.20 | 0 | 3 | 12.46 | 26.98 |
| History - European | 0 | 4 | 0 | 1 | 40 | 37 | 89.50 | 0 | 1 | 4.04 | 6.82 |
| Religion | 0 | 3 | 0 | 0 | 30 | 93 | 98.00 | 0 | 2 | 0.00 | 0.00 |
| Literature - World | 0 | 3 | 0 | 1 | 30 | 122 | 129.67 | 0 | 1 | 24.13 | 45.28 |
| Fine Arts - Other | 0 | 3 | 0 | 0 | 30 | 51 | 93.67 | 0 | 2 | 13.72 | 32.28 |
| Social Science | 0 | 3 | 1 | 2 | 25 | 91 | 114.00 | 0 | 1 | 1.00 | 1.52 |
| History - World | 0 | 2 | 0 | 1 | 20 | 70 | 102.50 | 0 | 0 | 0.00 | 0.00 |
| Science - Biology | 0 | 2 | 1 | 1 | 15 | 96 | 105.00 | 0 | 0 | 0.00 | 0.00 |
| Literature - American | 0 | 2 | 1 | 0 | 15 | 87 | 91.50 | 0 | 1 | 27.31 | 38.05 |
| Literature - British | 0 | 1 | 0 | 0 | 10 | 104 | 104.00 | 0 | 0 | 22.62 | 32.58 |
| Geography | 0 | 1 | 0 | 1 | 10 | 137 | 137.00 | 0 | 0 | 0.00 | 0.00 |
| History - American | 0 | 1 | 0 | 1 | 10 | 120 | 120.00 | 0 | 1 | 0.00 | 0.00 |
| History - Other | 0 | 1 | 0 | 0 | 10 | 96 | 96.00 | 0 | 0 | 0.00 | 0.00 |
| Current Events | 0 | 1 | 0 | 0 | 10 | 95 | 95.00 | 0 | 0 | 0.00 | 0.00 |
| Pop Culture | 0 | 1 | 0 | 1 | 10 | 93 | 93.00 | 0 | 0 | 0.00 | 0.00 |
| Science - Other | 0 | 1 | 0 | 0 | 10 | 86 | 86.00 | 0 | 0 | 8.74 | 15.44 |
| Science - Physics | 0 | 1 | 0 | 1 | 10 | 129 | 129.00 | 0 | 0 | 0.00 | 0.00 |
| Philosophy | 0 | 0 | 2 | 0 | -10 | 0.00 | 0 | 0 | 11.48 | 28.79 |